| 000 | 00554nam a2200169Ia 4500 | ||
|---|---|---|---|
| 008 | 230718s9999 xx 000 0 und d | ||
| 020 | _a9781786464392 | ||
| 041 | _aeng | ||
| 082 |
_a006.3 _bJOS |
||
| 100 | _aJoshi P. | ||
| 245 |
_aArtificial Intelligence With Python _bBuild Real-World Artificial Intelligence Applications With Python To Intelligently Interact With The World Around You |
||
| 260 |
_c2017 _bPackt |
||
| 300 | _a430 | ||
| 365 |
_cRs. _b3499.00 |
||
| 700 | _aJoshi P. | ||
| 906 |
_dO:0712703-Mar-2020B:IN133929-Feb-2020 _cBCOMP _b1049.7 |
||
| 999 |
_c351545 _d351545 |
||